[Event "European Chess Club Cup 2023"]
[Site "Durres, Albania"]
[Date "2023.10.02"]
[Round "2.12"]
[White "Stoyanov, Viktor"]
[Black "Haldorsen, Benjamin"]
[Result "0-1"]
[TimeControl "90' + 30' & 30\""]
[WhiteElo "2304"]
[BlackElo "2454"]

1. d4 {[%clk 01:30:55]} {[%emt 00:00:04]} d5 {[%clk 01:30:37]} {[%emt
00:00:23]} 2. c4 {[%clk 01:30:54]} {[%emt 00:00:31]} e6 {[%clk 01:29:25]}
{[%emt 00:01:43]} 3. Nf3 {[%clk 01:31:13]} {[%emt 00:00:10]} Nf6 {[%clk
01:27:04]} {[%emt 00:02:52]} 4. Nc3 {[%clk 01:31:29]} {[%emt 00:00:14]} c6
{[%clk 01:27:09]} {[%emt 00:00:26]} 5. e3 {[%clk 01:31:23]} {[%emt 00:00:35]}
a6 {[%clk 01:27:19]} {[%emt 00:00:20]} 6. Qc2 {[%clk 01:26:32]} {[%emt
00:05:20]} c5 {[%clk 01:21:16]} {[%emt 00:06:34]} 7. dxc5 {[%clk 01:22:03]}
{[%emt 00:04:59]} Bxc5 {[%clk 01:20:09]} {[%emt 00:01:37]} 8. a3 {[%clk
01:22:21]} {[%emt 00:00:12]} dxc4 {[%clk 01:13:12]} {[%emt 00:07:27]} 9. Bxc4
{[%clk 01:22:33]} {[%emt 00:00:18]} O-O {[%clk 01:12:50]} {[%emt 00:00:52]} 10.
O-O {[%clk 01:21:08]} {[%emt 00:01:55]} Nbd7 {[%clk 01:08:52]} {[%emt
00:04:28]} 11. b4 {[%clk 01:15:36]} {[%emt 00:06:02]} Bd6 {[%clk 01:05:55]}
{[%emt 00:03:28]} 12. Bb2 {[%clk 01:12:08]} {[%emt 00:03:56]} b5 {[%clk
01:05:35]} {[%emt 00:00:51]} 13. Be2 {[%clk 00:59:59]} {[%emt 00:12:39]} Bb7
{[%clk 01:05:51]} {[%emt 00:00:14]} 14. Rfd1 {[%clk 00:58:34]} {[%emt
00:01:55]} Qe7 {[%clk 00:58:15]} {[%emt 00:08:06]} 15. Qd2 {[%clk 00:50:26]}
{[%emt 00:08:38]} Bc7 {[%clk 00:56:57]} {[%emt 00:01:47]} 16. Rac1 {[%clk
00:50:25]} {[%emt 00:00:31]} Nb6 {[%clk 00:56:12]} {[%emt 00:01:16]} 17. Qd4
{[%clk 00:47:17]} {[%emt 00:03:38]} Rfd8 {[%clk 00:51:46]} {[%emt 00:04:56]} 18.
Qc5 {[%clk 00:44:51]} {[%emt 00:02:55]} Rxd1+ {[%clk 00:36:51]} {[%emt
00:15:26]} 19. Nxd1 {[%clk 00:43:37]} {[%emt 00:01:43]} Qxc5 {[%clk 00:34:38]}
{[%emt 00:02:44]} 20. bxc5 {[%clk 00:42:38]} {[%emt 00:01:28]} Na4 {[%clk
00:34:08]} {[%emt 00:01:00]} 21. c6 {[%clk 00:41:43]} {[%emt 00:01:25]} Bc8
{[%clk 00:34:32]} {[%emt 00:00:07]} 22. Be5 {[%clk 00:40:33]} {[%emt 00:01:39]}
Ne8 {[%clk 00:31:55]} {[%emt 00:03:08]} 23. Nc3 {[%clk 00:38:54]} {[%emt
00:02:08]} Nxc3 {[%clk 00:30:48]} {[%emt 00:01:38]} 24. Rxc3 {[%clk 00:39:08]}
{[%emt 00:00:16]} Kf8 {[%clk 00:29:35]} {[%emt 00:01:44]} 25. Rd3 {[%clk
00:31:19]} {[%emt 00:08:18]} Ke7 {[%clk 00:26:06]} {[%emt 00:03:59]} 26. Bc3
{[%clk 00:30:03]} {[%emt 00:01:45]} f6 {[%clk 00:25:40]} {[%emt 00:00:56]} 27.
Bb4+ {[%clk 00:29:16]} {[%emt 00:01:17]} Kf7 {[%clk 00:21:09]} {[%emt
00:05:02]} 28. Bc5 {[%clk 00:27:33]} {[%emt 00:02:13]} e5 {[%clk 00:19:38]}
{[%emt 00:02:01]} 29. Nd2 {[%clk 00:27:20]} {[%emt 00:00:43]} Bf5 {[%clk
00:19:35]} {[%emt 00:00:33]} 30. e4 {[%clk 00:26:00]} {[%emt 00:01:50]} Be6
{[%clk 00:19:23]} {[%emt 00:00:42]} 31. Nb1 {[%clk 00:24:15]} {[%emt 00:02:14]}
Ba5 {[%clk 00:14:31]} {[%emt 00:05:23]} 32. Bb4 {[%clk 00:17:21]} {[%emt
00:07:24]} Bxb4 {[%clk 00:14:11]} {[%emt 00:00:50]} 33. axb4 {[%clk 00:17:49]}
{[%emt 00:00:01]} Rc8 {[%clk 00:12:57]} {[%emt 00:01:44]} 34. Rc3 {[%clk
00:17:19]} {[%emt 00:01:01]} Ke7 {[%clk 00:12:54]} {[%emt 00:00:33]} 35. Kf1
{[%clk 00:13:28]} {[%emt 00:04:21]} Kd6 {[%clk 00:12:34]} {[%emt 00:00:50]} 36.
Ke1 {[%clk 00:13:37]} {[%emt 00:00:20]} Rxc6 {[%clk 00:12:31]} {[%emt
00:00:33]} 37. Kd2 {[%clk 00:13:58]} {[%emt 00:00:10]} Rxc3 {[%clk 00:11:47]}
{[%emt 00:01:14]} 38. Kxc3 {[%clk 00:14:05]} {[%emt 00:00:22]} Kc6 {[%clk
00:11:06]} {[%emt 00:01:11]} 39. Nd2 {[%clk 00:12:48]} {[%emt 00:01:48]} Nd6
{[%clk 00:09:49]} {[%emt 00:01:47]} 40. f3 {[%clk 00:12:43]} {[%emt 00:00:35]}
Kb6 {[%clk 00:09:33]} {[%emt 00:00:45]} 41. Bd3 {[%clk 00:09:45]} {[%emt
00:03:28]} Nc8 {[%clk 00:05:53]} {[%emt 00:04:11]} 42. Nf1 {[%clk 00:06:01]}
{[%emt 00:04:13]} Ne7 {[%clk 00:27:26]} {[%emt 00:08:57]} 43. Ne3 {[%clk
00:35:43]} {[%emt 00:00:48]} a5 {[%clk 00:24:36]} {[%emt 00:03:20]} 44. Nc2
{[%clk 00:35:23]} {[%emt 00:00:50]} h5 {[%clk 00:22:59]} {[%emt 00:02:07]} 45.
Bf1 {[%clk 00:33:40]} {[%emt 00:02:13]} Nc6 {[%clk 00:22:53]} {[%emt 00:00:36]}
46. Bd3 {[%clk 00:33:56]} {[%emt 00:00:15]} h4 {[%clk 00:22:08]} {[%emt
00:01:15]} 47. Bf1 {[%clk 00:32:18]} {[%emt 00:02:08]} g5 {[%clk 00:21:54]}
{[%emt 00:00:44]} 48. h3 {[%clk 00:32:00]} {[%emt 00:00:48]} axb4+ {[%clk
00:18:04]} {[%emt 00:04:20]} 49. Nxb4 {[%clk 00:32:27]} {[%emt 00:00:02]} Na5
{[%clk 00:18:02]} {[%emt 00:00:32]} 50. Be2 {[%clk 00:30:38]} {[%emt 00:02:20]}
Nc4 {[%clk 00:16:06]} {[%emt 00:02:26]} 51. Nc2 {[%clk 00:31:02]} {[%emt
00:00:05]} Kc5 {[%clk 00:16:03]} {[%emt 00:00:34]} 52. Bd3 {[%clk 00:30:44]}
{[%emt 00:00:48]} Bf7 {[%clk 00:15:25]} {[%emt 00:01:08]} 53. Be2 {[%clk
00:30:46]} {[%emt 00:00:28]} Na3 {[%clk 00:14:01]} {[%emt 00:01:53]} 54. Ne3
{[%clk 00:30:36]} {[%emt 00:00:40]} b4+ {[%clk 00:14:22]} {[%emt 00:00:10]} 55.
Kd2 {[%clk 00:31:00]} {[%emt 00:00:06]} Be6 {[%clk 00:14:35]} {[%emt 00:00:16]}
56. Bd3 {[%clk 00:29:14]} {[%emt 00:02:16]} Kd4 {[%clk 00:14:30]} {[%emt
00:00:36]} 57. Nd1 {[%clk 00:29:28]} {[%emt 00:00:16]} b3 {[%clk 00:12:55]}
{[%emt 00:02:05]} 58. Nc3 {[%clk 00:29:39]} {[%emt 00:00:18]} Nc4+ {[%clk
00:12:52]} {[%emt 00:00:34]} 59. Bxc4 {[%clk 00:29:57]} {[%emt 00:00:11]} Bxc4
{[%clk 00:13:10]} {[%emt 00:00:12]} 60. Nd1 {[%clk 00:29:59]} {[%emt 00:00:29]}
Bd3 {[%clk 00:12:47]} {[%emt 00:00:53]} 0-1

[Event "European Chess Club Cup 2023"]
[Site "Durres, Albania"]
[Date "2023.10.02"]
[Round "2.13"]
[White "Keymer, Vincent"]
[Black "Pruijssers, Roeland"]
[Result "1-0"]
[TimeControl "90' + 30' & 30\""]
[WhiteElo "2717"]
[BlackElo "2540"]

1. Nf3 {[%clk 01:30:56]} {[%emt 00:00:04]} d5 {[%clk 01:30:36]} {[%emt
00:00:25]} 2. g3 {[%clk 01:31:04]} {[%emt 00:00:23]} e6 {[%clk 01:30:28]}
{[%emt 00:00:37]} 3. Bg2 {[%clk 01:30:26]} {[%emt 00:01:08]} Nf6 {[%clk
01:29:54]} {[%emt 00:01:03]} 4. O-O {[%clk 01:29:42]} {[%emt 00:01:15]} c5
{[%clk 01:30:00]} {[%emt 00:00:24]} 5. c4 {[%clk 01:28:48]} {[%emt 00:01:24]}
d4 {[%clk 01:30:09]} {[%emt 00:00:21]} 6. d3 {[%clk 01:28:48]} {[%emt
00:00:30]} Nc6 {[%clk 01:29:47]} {[%emt 00:00:52]} 7. e3 {[%clk 01:29:13]}
{[%emt 00:00:05]} Be7 {[%clk 01:28:52]} {[%emt 00:01:24]} 8. exd4 {[%clk
01:28:52]} {[%emt 00:00:52]} cxd4 {[%clk 01:29:12]} {[%emt 00:00:09]} 9. Re1
{[%clk 01:23:51]} {[%emt 00:05:32]} O-O {[%clk 01:29:07]} {[%emt 00:00:34]} 10.
Na3 {[%clk 01:24:05]} {[%emt 00:00:17]} Re8 {[%clk 01:11:32]} {[%emt 00:18:04]}
11. Bf4 {[%clk 01:15:32]} {[%emt 00:09:04]} Bb4 {[%clk 01:06:28]} {[%emt
00:05:33]} 12. Re2 {[%clk 01:14:11]} {[%emt 00:01:52]} Bf8 {[%clk 00:35:34]}
{[%emt 00:31:23]} 13. Nb5 {[%clk 00:55:49]} {[%emt 00:18:53]} Nh5 {[%clk
00:35:51]} {[%emt 00:00:13]} 14. Bc7 {[%clk 00:51:57]} {[%emt 00:04:21]} Qd7
{[%clk 00:36:10]} {[%emt 00:00:12]} 15. Ne5 {[%clk 00:49:00]} {[%emt 00:03:27]}
Nxe5 {[%clk 00:36:27]} {[%emt 00:00:12]} 16. Bxe5 {[%clk 00:49:16]} {[%emt
00:00:14]} f6 {[%clk 00:36:45]} {[%emt 00:00:13]} 17. Nc7 {[%clk 00:47:31]}
{[%emt 00:02:15]} Rb8 {[%clk 00:29:55]} {[%emt 00:07:20]} 18. Nxe8 {[%clk
00:47:07]} {[%emt 00:00:54]} 1-0

[Event "European Chess Club Cup 2023"]
[Site "Durres, Albania"]
[Date "2023.10.02"]
[Round "2.14"]
[White "Wachinger, Nikolas"]
[Black "Grandelius, Nils"]
[Result "1-0"]
[TimeControl "90' + 30' & 30\""]
[WhiteElo "2426"]
[BlackElo "2689"]

1. e4 {[%clk 01:30:56]} {[%emt 00:00:03]} e5 {[%clk 01:30:31]} {[%emt
00:00:29]} 2. Nf3 {[%clk 01:31:17]} {[%emt 00:00:10]} Nc6 {[%clk 01:30:38]}
{[%emt 00:00:23]} 3. Bb5 {[%clk 01:31:35]} {[%emt 00:00:12]} a6 {[%clk
01:30:32]} {[%emt 00:00:35]} 4. Ba4 {[%clk 01:31:55]} {[%emt 00:00:10]} Nge7
{[%clk 01:30:02]} {[%emt 00:01:01]} 5. c3 {[%clk 01:30:17]} {[%emt 00:02:07]}
Ng6 {[%clk 01:29:00]} {[%emt 00:01:32]} 6. d4 {[%clk 01:29:31]} {[%emt
00:01:16]} exd4 {[%clk 01:29:02]} {[%emt 00:00:28]} 7. h4 {[%clk 01:29:46]}
{[%emt 00:00:16]} d3 {[%clk 01:09:04]} {[%emt 00:20:28]} 8. h5 {[%clk
01:28:30]} {[%emt 00:01:45]} Nge5 {[%clk 01:08:07]} {[%emt 00:01:27]} 9. Nxe5
{[%clk 01:28:19]} {[%emt 00:00:41]} Nxe5 {[%clk 01:08:34]} {[%emt 00:00:04]} 10.
f4 {[%clk 01:28:29]} {[%emt 00:00:19]} b5 {[%clk 01:05:37]} {[%emt 00:03:28]}
11. Bb3 {[%clk 01:24:23]} {[%emt 00:04:36]} Nc4 {[%clk 01:05:53]} {[%emt
00:00:14]} 12. Qxd3 {[%clk 01:24:36]} {[%emt 00:00:13]} Bb7 {[%clk 00:45:30]}
{[%emt 00:20:56]} 13. Bc2 {[%clk 01:20:00]} {[%emt 00:05:06]} Qe7 {[%clk
00:43:01]} {[%emt 00:02:59]} 14. Qe2 {[%clk 00:40:58]} {[%emt 00:39:32]} Qe6
{[%clk 00:42:41]} {[%emt 00:00:51]} 15. b3 {[%clk 00:37:50]} {[%emt 00:03:37]}
Nb6 {[%clk 00:36:37]} {[%emt 00:06:35]} 16. Be3 {[%clk 00:35:55]} {[%emt
00:02:24]} Bxe4 {[%clk 00:28:14]} {[%emt 00:08:53]} 17. f5 {[%clk 00:30:40]}
{[%emt 00:05:45]} Qe7 {[%clk 00:28:37]} {[%emt 00:00:06]} 18. Bxe4 {[%clk
00:20:51]} {[%emt 00:10:20]} Qxe4 {[%clk 00:29:05]} {[%emt 00:00:03]} 19. Nd2
{[%clk 00:21:11]} {[%emt 00:00:09]} Qe5 {[%clk 00:19:29]} {[%emt 00:10:05]} 20.
Nf3 {[%clk 00:20:03]} {[%emt 00:01:40]} Qe7 {[%clk 00:19:35]} {[%emt 00:00:24]}
21. O-O-O {[%clk 00:19:32]} {[%emt 00:01:01]} O-O-O {[%clk 00:16:02]} {[%emt
00:04:03]} 22. Rhe1 {[%clk 00:19:21]} {[%emt 00:00:41]} Qe4 {[%clk 00:11:45]}
{[%emt 00:04:46]} 23. Bxb6 {[%clk 00:11:19]} {[%emt 00:08:32]} Qxe2 {[%clk
00:11:48]} {[%emt 00:00:27]} 24. Rxe2 {[%clk 00:11:46]} {[%emt 00:00:04]} cxb6
{[%clk 00:12:14]} {[%emt 00:00:04]} 25. Ng5 {[%clk 00:11:11]} {[%emt 00:01:04]}
f6 {[%clk 00:07:48]} {[%emt 00:04:57]} 26. Nf7 {[%clk 00:10:28]} {[%emt
00:01:13]} Ba3+ {[%clk 00:08:14]} {[%emt 00:00:04]} 27. Kd2 {[%clk 00:10:53]}
{[%emt 00:00:05]} a5 {[%clk 00:05:38]} {[%emt 00:03:06]} 28. Rde1 {[%clk
00:10:06]} {[%emt 00:01:17]} Rhf8 {[%clk 00:05:30]} {[%emt 00:00:38]} 29. Nxd8
{[%clk 00:10:28]} {[%emt 00:00:08]} Kxd8 {[%clk 00:05:58]} {[%emt 00:00:01]} 30.
Re4 {[%clk 00:08:45]} {[%emt 00:02:13]} Bd6 {[%clk 00:05:49]} {[%emt 00:00:39]}
31. Rd4 {[%clk 00:07:24]} {[%emt 00:01:52]} Kc7 {[%clk 00:06:08]} {[%emt
00:00:10]} 32. Rg4 {[%clk 00:06:34]} {[%emt 00:01:20]} Rg8 {[%clk 00:01:11]}
{[%emt 00:05:28]} 33. h6 {[%clk 00:05:25]} {[%emt 00:01:39]} g5 {[%clk
00:01:30]} {[%emt 00:00:11]} 34. fxg6 {[%clk 00:05:46]} {[%emt 00:00:09]} hxg6
{[%clk 00:01:51]} {[%emt 00:00:09]} 35. h7 {[%clk 00:02:54]} {[%emt 00:03:22]}
Rh8 {[%clk 00:02:19]} {[%emt 00:00:02]} 36. Rh1 {[%clk 00:01:52]} {[%emt
00:01:32]} g5 {[%clk 00:01:35]} {[%emt 00:01:14]} 37. Kd3 {[%clk 00:02:16]}
{[%emt 00:00:06]} Kd8 {[%clk 00:00:41]} {[%emt 00:01:24]} 38. Ke4 {[%clk
00:02:32]} {[%emt 00:00:13]} Ke7 {[%clk 00:01:06]} {[%emt 00:00:05]} 39. Kf5
{[%clk 00:02:52]} {[%emt 00:00:10]} Be5 {[%clk 00:01:31]} {[%emt 00:00:06]} 40.
Rxg5 {[%clk 00:00:49]} {[%emt 00:02:32]} fxg5 {[%clk 00:01:11]} {[%emt
00:00:51]} 41. Kxe5 {[%clk 00:01:12]} {[%emt 00:00:07]} Kf7 {[%clk 00:01:16]}
{[%emt 00:00:25]} 42. Kf5 {[%clk 00:28:29]} {[%emt 00:03:13]} 1-0

[Event "European Chess Club Cup 2023"]
[Site "Durres, Albania"]
[Date "2023.10.02"]
[Round "2.15"]
[White "Nguyen, Thai Dai Van"]
[Black "Grigorian, Spartak"]
[Result "1-0"]
[TimeControl "90' + 30' & 30\""]
[WhiteElo "2618"]
[BlackElo "2444"]

1. c4 {[%clk 01:30:35]} {[%emt 00:00:24]} Nf6 {[%clk 01:30:51]} {[%emt
00:00:10]} 2. Nc3 {[%clk 01:30:57]} {[%emt 00:00:08]} c6 {[%clk 01:31:15]}
{[%emt 00:00:06]} 3. d4 {[%clk 01:30:08]} {[%emt 00:01:18]} d5 {[%clk
01:31:40]} {[%emt 00:00:06]} 4. cxd5 {[%clk 01:30:01]} {[%emt 00:00:37]} cxd5
{[%clk 01:32:05]} {[%emt 00:00:05]} 5. Bf4 {[%clk 01:30:18]} {[%emt 00:00:13]}
Nc6 {[%clk 01:27:20]} {[%emt 00:05:15]} 6. Nf3 {[%clk 01:28:05]} {[%emt
00:02:42]} a6 {[%clk 01:25:44]} {[%emt 00:02:07]} 7. Ne5 {[%clk 01:28:28]}
{[%emt 00:00:07]} e6 {[%clk 01:15:06]} {[%emt 00:11:07]} 8. e3 {[%clk
01:25:32]} {[%emt 00:03:26]} Bd6 {[%clk 01:08:25]} {[%emt 00:07:12]} 9. Bd3
{[%clk 01:09:14]} {[%emt 00:16:48]} Qc7 {[%clk 01:00:15]} {[%emt 00:08:40]} 10.
Nxc6 {[%clk 01:08:57]} {[%emt 00:00:47]} Bxf4 {[%clk 00:58:11]} {[%emt
00:02:33]} 11. exf4 {[%clk 01:09:15]} {[%emt 00:00:12]} Qxc6 {[%clk 00:51:20]}
{[%emt 00:07:22]} 12. O-O {[%clk 01:05:59]} {[%emt 00:03:46]} O-O {[%clk
00:49:48]} {[%emt 00:02:02]} 13. Na4 {[%clk 01:03:43]} {[%emt 00:02:45]} Qd6
{[%clk 00:48:18]} {[%emt 00:02:00]} 14. g3 {[%clk 00:55:00]} {[%emt 00:09:13]}
g6 {[%clk 00:29:24]} {[%emt 00:19:24]} 15. Qb3 {[%clk 00:47:51]} {[%emt
00:07:39]} Nd7 {[%clk 00:29:25]} {[%emt 00:00:30]} 16. Rac1 {[%clk 00:44:54]}
{[%emt 00:03:27]} b6 {[%clk 00:26:25]} {[%emt 00:03:30]} 17. Qc3 {[%clk
00:43:47]} {[%emt 00:01:36]} Rb8 {[%clk 00:26:39]} {[%emt 00:00:16]} 18. a3
{[%clk 00:41:05]} {[%emt 00:03:13]} Rd8 {[%clk 00:24:27]} {[%emt 00:02:42]} 19.
Rc2 {[%clk 00:32:01]} {[%emt 00:09:33]} Kf8 {[%clk 00:10:53]} {[%emt 00:14:05]}
20. Qd2 {[%clk 00:19:13]} {[%emt 00:13:18]} Bb7 {[%clk 00:03:59]} {[%emt
00:07:24]} 21. Qe2 {[%clk 00:14:24]} {[%emt 00:05:19]} Ra8 {[%clk 00:04:28]}
{[%emt 00:00:02]} 22. Rfc1 {[%clk 00:14:37]} {[%emt 00:00:16]} Rdc8 {[%clk
00:04:20]} {[%emt 00:00:38]} 23. Rxc8+ {[%clk 00:14:23]} {[%emt 00:00:44]} Bxc8
{[%clk 00:04:44]} {[%emt 00:00:06]} 24. Qc2 {[%clk 00:12:16]} {[%emt 00:02:38]}
Ke7 {[%clk 00:04:48]} {[%emt 00:00:26]} 25. Qe2 {[%clk 00:11:11]} {[%emt
00:01:34]} Kf8 {[%clk 00:04:40]} {[%emt 00:00:38]} 26. h4 {[%clk 00:10:49]}
{[%emt 00:00:52]} Bb7 {[%clk 00:03:37]} {[%emt 00:01:34]} 27. h5 {[%emt
00:02:39]} Bc6 {[%clk 00:01:46]} 28. Nc3 {[%clk 00:11:29]} {[%emt 00:00:01]} a5
{[%clk 00:02:03]} {[%emt 00:00:13]} 29. Nb5 {[%clk 00:10:31]} {[%emt 00:01:28]}
Bxb5 {[%clk 00:02:14]} {[%emt 00:00:19]} 30. Bxb5 {[%clk 00:10:57]} {[%emt
00:00:03]} Rd8 {[%clk 00:00:37]} {[%emt 00:02:08]} 31. h6 {[%clk 00:08:30]}
{[%emt 00:02:56]} Qb8 {[%clk 00:00:46]} {[%emt 00:00:22]} 32. Bxd7 {[%clk
00:05:53]} {[%emt 00:03:07]} Rxd7 {[%clk 00:01:13]} {[%emt 00:00:03]} 33. Rc6
{[%clk 00:06:17]} {[%emt 00:00:06]} Rd6 {[%clk 00:00:39]} {[%emt 00:01:03]} 34.
Qe5 {[%clk 00:06:35]} {[%emt 00:00:11]} Ke7 {[%clk 00:01:03]} {[%emt 00:00:07]}
35. Rc3 {[%clk 00:03:58]} {[%emt 00:03:06]} f6 {[%clk 00:01:26]} {[%emt
00:00:08]} 36. Qe2 {[%clk 00:04:18]} {[%emt 00:00:09]} Qb7 {[%clk 00:01:05]}
{[%emt 00:00:51]} 37. Qb5 {[%clk 00:03:06]} {[%emt 00:01:43]} f5 {[%clk
00:00:52]} {[%emt 00:00:43]} 38. Qe2 {[%clk 00:03:10]} {[%emt 00:00:25]} Rc6
{[%clk 00:00:33]} {[%emt 00:00:51]} 39. Qe5 {[%clk 00:03:35]} {[%emt 00:00:04]}
Qc8 {[%clk 00:00:42]} {[%emt 00:00:21]} 40. Qg7+ {[%clk 00:03:56]} {[%emt
00:00:09]} Kd6 {[%clk 00:00:53]} {[%emt 00:00:19]} 41. Qe5+ {[%clk 00:03:19]}
{[%emt 00:01:06]} Kd7 {[%clk 00:00:59]} {[%emt 00:00:25]} 42. Qg7+ {[%clk
00:03:45]} {[%emt 00:00:04]} Kd6 {[%clk 00:01:23]} {[%emt 00:00:06]} 43. Rxc6+
{[%clk 00:01:57]} {[%emt 00:02:19]} Qxc6 {[%clk 00:01:38]} {[%emt 00:00:15]} 44.
Qxh7 {[%clk 00:02:22]} {[%emt 00:00:04]} Qc1+ {[%clk 00:27:39]} {[%emt
00:04:28]} 45. Kg2 {[%clk 00:32:45]} {[%emt 00:00:08]} Qe1 {[%clk 00:28:03]}
{[%emt 00:00:06]} 46. Qg7 {[%clk 00:32:26]} {[%emt 00:00:48]} Qe4+ {[%clk
00:28:11]} {[%emt 00:00:22]} 47. Kh2 {[%clk 00:32:54]} {[%emt 00:00:02]} Qf3
{[%clk 00:28:31]} {[%emt 00:00:10]} 48. Kg1 {[%clk 00:33:19]} {[%emt 00:00:06]}
1-0